Statistics for Erling Håland Quiz

Click here to take the quiz!

General Stats

  • This quiz has been taken 61 times
    (49 since last reset)
  • The average score is 9 of 16

Answer Stats

HintAnswer% Correct
After an impressive performance in the champions league for Salzburg, where did he transfer?Dortmund
87%
On his Dortmund debut he came on against Augsburg in the 56th minute and scored how many goals?3
85%
He was born in what English city?Leeds
85%
His dad, Alf-Inge Haaland, played for what former Premier League side (they are now in the championship)?Leeds United
85%
In 2017 he moved to what top flight Norwegian team?Molde
85%
In 2019 he moved to what Austrian side?Red Bull Salzburg
85%
His current Dortmund number is?9
77%
How many goals did he score in the champions league for Salzburg?8
74%
What position does he play?Striker
74%
He started at what team?Bryne
46%
Erling Haaland was the fastest player to score how many goals in the UCL18
44%
At Molde he was coached by what current EPL manager?Ole Gunnar Solskjaer
44%
He one the golden boot at what U-20 version of a major tournament with Norway?The world cup
36%
On his Dortmund champions league debut he scored 2 goals against who?PSG
31%
He moved to Dortmund for how much?56 million
0%
Even though he is eligible to play for England, he choose Norway and made his debut for the national team on September 15th 2019 against who?Malta
0%

Score Distribution

Percentile by Number Answered

Percent of People with Each Score

Your Score History

You have not taken this quiz since the last reset